Normale Ansicht MARC-Ansicht ISBD

Everything Was Forever, Until It Was No More (Titelsatznr. 73644)

[ MARC ]
MARC-Details
000 -Satzkennung
Kontrollfeld mit fester Länge 02888nam a22002893u 4500
001 - Kontrollnummer
Kontrollfeld drd-1368181
003 - Kontrollnummer Identifier
Kontrollfeld 0
005 - Datum und Zeit der letzten Transaktion
Kontrollfeld 20260325180826.0
007 - Feld mit fester Länge zur physischen Beschreibung - Allgemeine Information
Kontrollfeld mit fester Länge tu
008 - Feld mit fester Länge zur physischen Beschreibung - Allgemeine Angaben
Kontrollfeld mit fester Länge 260325b |||||||| |||| 00| 0 ger d
020 ## - Internationale Standardbuchnummer
Internationale Standardbuchnummer 9780691121178
Verknüpfung 978-0-691-12117-8
040 ## - Katalogisierungsquelle
Original-Katalogisierungsstelle RU-10907106
Katalogisierungssprache ger
Übertragungsstelle RU-10907106
041 ## - Sprachcode
Sprachcode des Textes/der Tonspur oder des separaten Titels eng
100 1# - Haupteintragung - Personenname
Personenname Yurchak, Alexei
Funktionsbezeichnungscode aut
Funktionsbezeichnung Author
Koha-Normdatenidentnummer 68314
245 10 - Titel
Titel Everything Was Forever, Until It Was No More
Zusatz zum Titel The Last Soviet Generation
Verfasserangabe etc. Alexei Yurchak
264 ## - Produktion, Veröffentlichung, Distribution, Herstellung und Urheberrechtsvermerk
Herstellungs-, Veröffentlichungs- Vertriebs-, Erzeugungsort New Jersey
Produzent, Herausgeber, Distributor, Hersteller Princeton University Press
Datum der Herstellung, der Veröffentlichung, des Vertriebs oder des Urheberschutzvermerks 2005
300 ## - Physische Beschreibung
Umfang 352 S.
336 ## - Inhaltstyp
Inhaltstypterm Text
Inhaltstypcode txt
Quelle rdacontent
337 ## - Medientyp
Bezeichnung des Medientyps ohne Hilfsmittel zu benutzen
Medientypcode n
Quelle rdamedia
338 ## - Datenträgertyp
Datenträgertypbezeichnung Band
Datenträgertypcode nc
Quelle rdacarrier
505 ## - Fußnote zu strukturierten Inhaltsangaben
Fußnote zu strukturierten Inhaltsangaben Acknowledgments ix Chapter 1: Late Socialism An Eternal State 1 Chapter 2: Hegemony of Form Stalin's Uncanny Paradigm Shift 36 Chapter 3: Ideology Inside Out Ethics and Poetics 77 Chapter 4: Living "Vnye" Deterritorialized Milieus 126 Chapter 5: Imaginary West The Elsewhere of Late Socialism 158 Chapter 6: Tr ue Colors of Communism King Crimson, Deep Purple, Pink Floyd 207 Chapter 7: Dead Irony Necroaesthetics, "Stiob," and the Anekdot 238 Conclusion 282 Bibliography 299 Index 319
520 ## - Fußnote zu Zusammenfassungen usw.
Fußnote zur Zusammenfassung usw. Soviet socialism was based on paradoxes that were revealed by the peculiar experience of its collapse. To the people who lived in that system the collapse seemed both completely unexpected and completely unsurprising. At the moment of collapse it suddenly became obvious that Soviet life had always seemed simultaneously eternal and stagnating, vigorous and ailing, bleak and full of promise. Although these characteristics may appear mutually exclusive, in fact they were mutually constitutive. This book explores the paradoxes of Soviet life during the period of "late socialism" (1960s-1980s) through the eyes of the last Soviet generation. Focusing on the major transformation of the 1950s at the level of discourse, ideology, language, and ritual, Alexei Yurchak traces the emergence of multiple unanticipated meanings, communities, relations, ideals, and pursuits that this transformation subsequently enabled. His historical, anthropological, and linguistic analysis draws on rich ethnographic material from Late Socialism and the post-Soviet period.The model of Soviet socialism that emerges provides an alternative to binary accounts that describe that system as a dichotomy of official culture and unofficial culture, the state and the people, public self and private self, truth and lie--and ignore the crucial fact that, for many Soviet citizens, the fundamental values, ideals, and realities of socialism were genuinely important, although they routinely transgressed and reinterpreted the norms and rules of the socialist state.
648 ## - Nebeneintragung unter einem Schlagwort - Zeitschlagwort
Zeitschlagwort 1950-1989
Koha-Normdatenidentnummer 68979
650 ## - Nebeneintragung unter einem Schlagwort - Sachschlagwort
Sachschlagwort oder geografischer Name als Eintragungselement Gesellschaft
651 ## - Nebeneintragung unter einem Schlagwort - Geografischer Name
Geografischer Name Sowjetunion
942 ## - Zusätzliche Felder (Koha)
Koha-Medientyp Monographien
Klassifikation oder Aufstellungssystematik Andere/Generische Klassifikation
Exemplare
Ausgeschieden Verloren Klassifikation oder Aufstellungssystematik Beschädigt Nicht entleihbar Heimatbibliothek Aufenthaltsbibliothek Erwerbungsdatum Inventarnummer Signatur Barcode Letzte Aktivität Preis gültig von Koha-Medientyp
    Andere/Generische Klassifikation     MW Forum Finnland MWN Osteuropa 27/01/2026 26-00178 R 64 k Yur 76566 27/01/2026 27/01/2026 Monographien